| 000 | 00481nam a2200169Ia 4500 | ||
|---|---|---|---|
| 008 | 090201s9999 xx 000 0 und d | ||
| 010 | _aKPL-9590 | ||
| 040 | _bमराठी | ||
| 041 | _aमराठी | ||
| 082 |
_a43449 _b9590 |
||
| 100 | _aदेवेश दास | ||
| 245 |
_aसमराग _cदेवेश दास |
||
| 260 |
_c2005 _bव्हीनस प्रकाशन |
||
| 300 |
_a270 _bमोठा |
||
| 600 | _aसमराग | ||
| 942 | _cBOOK | ||
| 999 |
_c240490 _d240490 |
||